Online
Catalog

Aragón en el reinado de Fernando I, 1412-1416 : (Record no. 6463)

MARC details
000 -CABECERA
campo de control de longitud fija 01177cam a2200265 a 4500
001 - NÚMERO DE CONTROL
campo de control 000006674
005 - FECHA Y HORA DE LA ÚLTIMA TRANSACCIÓN
campo de control 20200929153955.0
008 - DATOS DE LONGITUD FIJA--INFORMACIÓN GENERAL
campo de control de longitud fija 941110s1986 sp a b 001 0 spa d
020 ## - NÚMERO INTERNACIONAL ESTÁNDAR DEL LIBRO
Número Internacional Estándar del Libro 8400063228
040 ## - FUENTE DE LA CATALOGACIÓN
Centro catalogador/agencia de origen DO-SdBNP
Centro/agencia transcriptor MdBJ
Centro/agencia modificador DLC
082 ## - NÚMERO DE LA CLASIFICACIÓN DECIMAL DEWEY
Número de clasificación 946.55
Número de documento/Ítem S243a
100 1# - ENTRADA PRINCIPAL--NOMBRE DE PERSONA
Nombre de persona Sarasa Sánchez, Esteban.
9 (RLIN) 18580
245 10 - MENCIÓN DE TÍTULO
Título Aragón en el reinado de Fernando I, 1412-1416 :
Resto del título gobierno y administración, constitución política, hacienda real /
Mención de responsabilidad, etc. Esteban Sarasa Sánchez.
260 ## - PUBLICACIÓN, DISTRIBUCIÓN, ETC.
Lugar de publicación, distribución, etc. Zaragoza, España :
Nombre del editor, distribuidor, etc. Institución Fernando el Católico,
Fecha de publicación, distribución, etc. 1986.
300 ## - DESCRIPCIÓN FÍSICA
Extensión 264 p. :
Otras características físicas map ;
Dimensiones 24 cm.
490 1# - MENCIÓN DE SERIE
Mención de serie Tesis doctorales
Designación de volumen o secuencia no. 60
490 1# - MENCIÓN DE SERIE
Mención de serie Publicación de la "Institución Fernando el Católico"
Designación de volumen o secuencia no. 1046
500 ## - NOTA GENERAL
Nota general Basado en la tesis del autor - Zaragoza, 1980.
504 ## - NOTA DE BIBLIOGRAFÍA, ETC.
Nota de bibliografía, etc. Incluye referencias bibliográficas (p. 33-47) e índice.
651 #4 - PUNTO DE ACCESO ADICIONAL DE MATERIA--NOMBRE GEOGRÁFICO
Nombre geográfico Aragón (España{Rpara}
Subdivisión general Historia
Subdivisión cronológica FERNANDO I, 1412-1416.
9 (RLIN) 18581
651 #4 - PUNTO DE ACCESO ADICIONAL DE MATERIA--NOMBRE GEOGRÁFICO
Nombre geográfico Aragón (España{Rpara}
Subdivisión general Política Y Gobierno
9 (RLIN) 18582
830 #0 - PUNTO DE ACCESO ADICIONAL DE SERIE-TÍTULO UNIFORME
Título uniforme Tesis doctorales ;
Designación de volumen o secuencia no 60.
9 (RLIN) 4085
830 #0 - PUNTO DE ACCESO ADICIONAL DE SERIE-TÍTULO UNIFORME
Título uniforme Publicación. de la Institución "Fernando el Católico" ;
Designación de volumen o secuencia no. 1046.
9 (RLIN) 16758
910 ## - DATOS DE OPCIÓN DEL USUARIO (OCLC)
Datos de opción del usuario Catalogación por copia / LC
Holdings
Estado de retiro Estado de pérdida Restricciones de uso No para préstamo Código de colección Localización permanente Ubicación/localización actual Ubicación en estantería Fecha de adquisición Número de inventario Total de préstamos Signatura topográfica completa Código de barras Fecha visto por última vez Precio válido a partir de Tipo de ítem Koha
    Préstamo interno   Monografías: Libros y Folletos General General En catalogación 01.09.2009 LF1   946.55 S243a 6674-10 25.06.2020 25.06.2020 Préstamo interno

Powered by Koha